[Event "DEM U10/U10w 2015"]
[Site "Willingen GER"]
[Date "2015.05.27"]
[Round "7"]
[White "Krastev, Alexander"]
[Black "Bethke, Richard"]
[Result "0-1"]
[Termination "normal"]
[Board "1"]
[WhiteElo "1940"]
[BlackElo "1655"]
[WhiteClock "00:54:40"]
[BlackClock "01:12:31"]
[PlyCount "54"]
[WhiteFideId "12989983"]
[BlackFideId "12959243"]
[EventCountry "GER"]
[EventRounds "11"]
[EventType "swiss"]
[EventDate "2015.05.23"]

1. e4 e5 2. Nf3 Nc6 3. Bc4 Bc5 4. c3 Nf6 5. d3 O-O 6. Bb3 d5 7. Qe2 h6 8. O-O
Be6 9. exd5 Bxd5 10. Nxe5 Qe7 11. d4 Bxb3 12. axb3 Bd6 13. Re1 Rfe8 14. f4 Nd7
15. Be3 f6 16. Qc4+ Qe6 17. d5 Ncxe5 18. fxe5 Qxe5 19. Qb5 Qxh2+ 20. Kf1 Qh1+
21. Kf2 Bg3+ 22. Kxg3 Qxe1+ 23. Bf2 Qe5+ 24. Kh3 Qh5+ 25. Kg3 Re4 26. Qxd7 Qh4+
27. Kf3 Qf4# 0-1

[Event "DEM U10/U10w 2015"]
[Site "Willingen GER"]
[Date "2015.05.27"]
[Round "7"]
[White "Bui, Bao Anh Le"]
[Black "Wagner, Leopold Franziskus"]
[Result "1/2-1/2"]
[Termination "normal"]
[Board "2"]
[WhiteElo "1660"]
[BlackElo "1803"]
[WhiteClock "00:10:33"]
[BlackClock "00:20:29"]
[PlyCount "40"]
[WhiteFideId "12970719"]
[BlackFideId "1641581"]
[EventCountry "GER"]
[EventRounds "11"]
[EventType "swiss"]
[EventDate "2015.05.23"]

1. e4 c5 2. Nf3 Nc6 3. d4 cxd4 4. Nxd4 g6 5. Nc3 Bg7 6. Be3 Nf6 7. f3 d6 8. Qd2
O-O 9. O-O-O Bd7 10. g4 a6 11. h4 h5 12. gxh5 Nxh5 13. Be2 Rc8 14. Kb1 Na5 15.
f4 Nc4 16. Qc1 Ng3 17. Rhg1 Nxe2 18. Ncxe2 Nxe3 19. Qxe3 Qc7 20. c3 e5 1/2-1/2

[Event "DEM U10/U10w 2015"]
[Site "Willingen GER"]
[Date "2015.05.27"]
[Round "7"]
[White "Kirchner, Markus"]
[Black "Colbow, Collin"]
[Result "1-0"]
[Termination "normal"]
[Board "3"]
[WhiteElo "1633"]
[BlackElo "1489"]
[WhiteClock "00:32:35"]
[BlackClock "00:20:26"]
[PlyCount "49"]
[WhiteFideId "12979163"]
[BlackFideId "16201132"]
[EventCountry "GER"]
[EventRounds "11"]
[EventType "swiss"]
[EventDate "2015.05.23"]

1. e4 e5 2. Nf3 Nc6 3. Bc4 Bc5 4. c3 Nf6 5. d4 exd4 6. e5 d5 7. Be2 Ne4 8. cxd4
Bb6 9. O-O O-O 10. Be3 Bf5 11. Nc3 f6 12. exf6 Rxf6 13. Rc1 Kh8 14. Nh4 Rf8 15.
Nxf5 Rxf5 16. Na4 Qh4 17. Nxb6 axb6 18. a3 Raf8 19. Qe1 Qf6 20. Bg4 Nxd4 21.
Bxd4 Qxd4 22. Bxf5 Rxf5 23. Rxc7 h6 24. Rc2 Rf6 25. Qd1 1-0

[Event "DEM U10/U10w 2015"]
[Site "Willingen GER"]
[Date "2015.05.27"]
[Round "7"]
[White "Pubantz, Jan"]
[Black "Lutz, Ruben"]
[Result "1/2-1/2"]
[Termination "normal"]
[Board "4"]
[WhiteElo "1363"]
[BlackElo "1524"]
[WhiteClock "00:09:05"]
[BlackClock "00:24:27"]
[PlyCount "51"]
[WhiteFideId "12996114"]
[BlackFideId "12975974"]
[EventCountry "GER"]
[EventRounds "11"]
[EventType "swiss"]
[EventDate "2015.05.23"]

1. e4 e6 2. d4 d5 3. Nc3 Nf6 4. e5 Nfd7 5. f4 c5 6. Nf3 Nc6 7. Be3 Be7 8. Be2
a6 9. Qd2 c4 10. O-O b5 11. Ng5 h6 12. Nh3 g6 13. g4 Rg8 14. Kh1 Bb7 15. Bf3
Qa5 16. f5 g5 17. Qf2 O-O-O 18. Ne2 Nb4 19. Bd2 Qb6 20. Bxb4 Bxb4 21. c3 Be7
22. f6 Bf8 23. b3 Kb8 24. bxc4 dxc4 25. Rab1 Ba3 26. Ng3 1/2-1/2

[Event "DEM U10/U10w 2015"]
[Site "Willingen GER"]
[Date "2015.05.27"]
[Round "7"]
[White "Lohvinov, Petro"]
[Black "Hetzner, Hannes"]
[Result "0-1"]
[Termination "normal"]
[Board "5"]
[WhiteElo "1418"]
[BlackElo "1361"]
[WhiteClock "00:12:13"]
[BlackClock "00:34:20"]
[PlyCount "108"]
[WhiteFideId "14176661"]
[BlackFideId "16211936"]
[EventCountry "GER"]
[EventRounds "11"]
[EventType "swiss"]
[EventDate "2015.05.23"]

1. e4 e6 2. d4 d5 3. Nd2 c5 4. c3 cxd4 5. cxd4 dxe4 6. Nxe4 Nc6 7. Nf3 Nf6 8.
Bg5 Qa5+ 9. Nc3 Bd7 10. Qd2 Bb4 11. a3 Ne4 12. Qc1 Bxc3+ 13. bxc3 Nxg5 14. Nxg5
Nxd4 15. Nxf7 Nb3 16. Qb2 Nxa1 17. Nxh8 Rc8 18. Kd2 Qd5+ 19. Ke3 Nb3 20. c4
Qg5+ 21. f4 Qc5+ 22. Kf3 Nd4+ 23. Kf2 Ke7 24. Ng6+ hxg6 25. Bd3 Bc6 26. Kg3
Nf5+ 27. Bxf5 Qe3+ 28. Kg4 gxf5+ 29. Kg5 e5 30. Qxe5+ Qxe5 31. fxe5 Bxg2 32.
Rc1 Be4 33. c5 b6 34. c6 Rxc6 35. Rxc6 Bxc6 36. Kxf5 a5 37. h4 Be8 38. Ke4 Ke6
39. Kd4 b5 40. Ke4 b4 41. axb4 axb4 42. Kd4 Bf7 43. Kc4 Kxe5+ 44. Kxb4 Kf5 45.
Kc3 Kg4 46. Kd2 Kxh4 47. Ke3 g5 48. Kf2 Kg4 49. Kg2 Be8 50. Kh2 Kf3 51. Kg1 Kg3
52. Kh1 g4 53. Kg1 Bc6 54. Kf1 Kh2 0-1

[Event "DEM U10/U10w 2015"]
[Site "Willingen GER"]
[Date "2015.05.27"]
[Round "7"]
[White "Weihrauch, Jakob"]
[Black "Marschall, Tillmann"]
[Result "1/2-1/2"]
[Termination "normal"]
[Board "6"]
[WhiteElo "1594"]
[BlackElo "1423"]
[WhiteClock "00:05:11"]
[BlackClock "00:00:35"]
[PlyCount "86"]
[WhiteFideId "16210115"]
[BlackFideId "12973220"]
[EventCountry "GER"]
[EventRounds "11"]
[EventType "swiss"]
[EventDate "2015.05.23"]

1. e4 c6 2. d4 d5 3. e5 Bf5 4. h4 h5 5. c4 dxc4 6. Bxc4 e6 7. Be3 Nd7 8. Nc3
Nb6 9. Bb3 Ne7 10. Bg5 Qc7 11. Rc1 a6 12. Nge2 Qd7 13. f3 O-O-O 14. Ne4 Bxe4
15. fxe4 Kb8 16. O-O Qe8 17. Rc3 Rd7 18. Ng3 Ng6 19. Nxh5 Ka8 20. g3 Nxe5 21.
Nf6 gxf6 22. Bxf6 Rg8 23. Bxe5 Be7 24. Kh2 Bd6 25. Bxd6 Rxd6 26. Rd3 Rh8 27.
Qf3 Rd7 28. Kh3 Qg8 29. g4 Qh7 30. h5 Nc8 31. Bc2 f5 32. exf5 exf5 33. Qxf5 Qe7
34. Qe5 Qd8 35. Rdd1 Rd5 36. Qf4 Ne7 37. Qf6 Rd6 38. Qh4 Rf8 39. Rxf8 Qxf8 40.
Be4 Nd5 41. Bxd5 Rxd5 42. Qg3 Qh8 43. Qd3 c5 1/2-1/2

[Event "DEM U10/U10w 2015"]
[Site "Willingen GER"]
[Date "2015.05.27"]
[Round "7"]
[White "Musiolik, David"]
[Black "Toval, David"]
[Result "1-0"]
[Termination "normal"]
[Board "7"]
[WhiteElo "1629"]
[BlackElo "1528"]
[WhiteClock "00:20:29"]
[BlackClock "00:18:15"]
[PlyCount "73"]
[WhiteFideId "12972355"]
[BlackFideId "12992755"]
[EventCountry "GER"]
[EventRounds "11"]
[EventType "swiss"]
[EventDate "2015.05.23"]

1. e4 c5 2. Nf3 d6 3. d4 cxd4 4. Nxd4 Nf6 5. Nc3 a6 6. Be2 e6 7. Be3 Be7 8. O-O
b5 9. a3 Bb7 10. f3 Nbd7 11. Qd2 O-O 12. Rad1 Rc8 13. Rfe1 Qc7 14. Bd3 Nc5 15.
Nb3 Rfd8 16. Qf2 Nfd7 17. Kh1 Nxb3 18. cxb3 Bf6 19. Rc1 Nc5 20. Bc2 Nd7 21. Bb1
Bxc3 22. Rxc3 Qb8 23. Rec1 Rxc3 24. Rxc3 Rc8 25. Qd2 Rxc3 26. Qxc3 Qc8 27. Qd3
Qc7 28. e5 Nxe5 29. Qxh7+ Kf8 30. Qh8+ Ke7 31. Qxg7 Qc6 32. Be4 d5 33. Bg5+ Kd7
34. Bb1 Nxf3 35. Qxf7+ Kc8 36. Qf8+ Kc7 37. Qd8# 1-0

[Event "DEM U10/U10w 2015"]
[Site "Willingen GER"]
[Date "2015.05.27"]
[Round "7"]
[White "Haufe, Laurin"]
[Black "Rockmann, Enno"]
[Result "1-0"]
[Termination "normal"]
[Board "9"]
[WhiteElo "1575"]
[BlackElo "1269"]
[PlyCount "59"]
[WhiteFideId "12976504"]
[BlackFideId "12982920"]
[EventCountry "GER"]
[EventRounds "11"]
[EventType "swiss"]
[EventDate "2015.05.23"]

1. e4 e5 2. Nf3 Nc6 3. d4 exd4 4. Nxd4 Bb4+ 5. c3 Bc5 6. Be3 Bb6 7. Nf5 Bxe3 8.
Nxe3 Nf6 9. f3 O-O 10. c4 Re8 11. Nc3 d6 12. Be2 Be6 13. O-O Ne7 14. Qd2 Qd7
15. Rad1 Rad8 16. Qe1 c6 17. e5 Nh5 18. Qh4 g6 19. Rxd6 Qc7 20. c5 Ng7 21. Ne4
Ngf5 22. Nf6+ Kf8 23. Nxf5 Nxf5 24. Qxh7 Qa5 25. Nxe8 Qxc5+ 26. Kh1 Rxe8 27.
Qh8+ Ke7 28. Qf6+ Kf8 29. Rd8 Ne3 30. Qh8+ 1-0

[Event "DEM U10/U10w 2015"]
[Site "Willingen GER"]
[Date "2015.05.27"]
[Round "7"]
[White "Prieb, Robert"]
[Black "Röhr, Oliver"]
[Result "1/2-1/2"]
[Termination "normal"]
[Board "11"]
[WhiteElo "1426"]
[BlackElo "1453"]
[PlyCount "146"]
[WhiteFideId "16212002"]
[BlackFideId "12987697"]
[EventCountry "GER"]
[EventRounds "11"]
[EventType "swiss"]
[EventDate "2015.05.23"]

1. d4 Nf6 2. c4 e6 3. Nc3 d5 4. cxd5 exd5 5. Bg5 Be7 6. Nf3 h6 7. Bh4 O-O 8. e3
b6 9. Bd3 Bb7 10. O-O Nbd7 11. Rc1 a6 12. Qc2 Rc8 13. Nd2 c5 14. dxc5 Nxc5 15.
Bf5 Rc6 16. Nf3 Nce4 17. Nd4 Rc7 18. Qd3 Nxc3 19. Rxc3 Rxc3 20. Qxc3 Nd7 21.
Bxe7 Qxe7 22. Qc7 Bc8 23. Nc6 Qe8 24. Na7 g6 25. Nxc8 gxf5 26. Nxb6 Nxb6 27.
Qxb6 Qe6 28. Qa5 Rb8 29. b3 Rb5 30. Qd8+ Kg7 31. Rd1 f4 32. Qc7 fxe3 33. Qg3+
Kf6 34. Qxe3 Qxe3 35. fxe3 Ke5 36. Kf2 Ra5 37. a4 Rc5 38. b4 Rc2+ 39. Kf3 Rc4
40. Rb1 d4 41. exd4+ Rxd4 42. b5 f5 43. b6 Rd3+ 44. Ke2 Rd8 45. b7 Rb8 46. Rb6
h5 47. Rxa6 Rxb7 48. Ra8 Kf4 49. Rd8 Rb4 50. a5 Ra4 51. g3+ Kg4 52. Ra8 Ra2+
53. Kd3 Rxh2 54. a6 Ra2 55. a7 Kf3 56. Kd4 Ra5 57. Kc4 Kg2 58. Kb4 Ra1 59. Kc5
Kf3 60. Kd5 Ra5+ 61. Kc6 Ra1 62. Kd5 Ra5+ 63. Ke6 Kg2 64. Kf6 Kf3 65. Kg5 Kxg3
66. Kxh5 f4+ 67. Kh6 Kf3 68. Kg6 Kf2 69. Kf6 f3 70. Ke6 Ke2 71. Kd6 f2 72. Re8+
Kd2 73. Rf8 Rxa7 1/2-1/2

[Event "DEM U10/U10w 2015"]
[Site "Willingen GER"]
[Date "2015.05.27"]
[Round "7"]
[White "Hommer, Jeremy"]
[Black "Deutsch, Christoph"]
[Result "1/2-1/2"]
[Termination "normal"]
[Board "12"]
[WhiteElo "1570"]
[BlackElo "1291"]
[PlyCount "60"]
[WhiteFideId "12992577"]
[BlackFideId "16206878"]
[EventCountry "GER"]
[EventRounds "11"]
[EventType "swiss"]
[EventDate "2015.05.23"]

1. d4 d5 2. c4 c6 3. Nc3 Nf6 4. Bf4 Bf5 5. e3 e6 6. Nf3 Nbd7 7. Be2 h6 8. a3
Nh5 9. Be5 Nhf6 10. O-O Nxe5 11. Nxe5 Bd6 12. f4 O-O 13. c5 Bc7 14. Qe1 Qe7 15.
Qh4 Rfe8 16. Rf3 Ne4 17. Qxe7 Rxe7 18. Nxe4 Bxe4 19. Rh3 Rd8 20. g4 f6 21. Nd3
Rde8 22. Bf1 e5 23. f5 exd4 24. exd4 Bxd3 25. Rxd3 Re3 26. Rad1 Re1 27. Rxe1
Rxe1 28. h3 Re7 29. Rb3 Bf4 30. Kf2 Kf7 1/2-1/2

[Event "DEM U10/U10w 2015"]
[Site "Willingen GER"]
[Date "2015.05.27"]
[Round "7"]
[White "Kodalle, Dominik"]
[Black "Stockmann, Till"]
[Result "0-1"]
[Termination "normal"]
[Board "13"]
[WhiteElo "1230"]
[BlackElo "1442"]
[PlyCount "58"]
[WhiteFideId "16208722"]
[BlackFideId "12979341"]
[EventCountry "GER"]
[EventRounds "11"]
[EventType "swiss"]
[EventDate "2015.05.23"]

1. e4 e5 2. Nf3 Nc6 3. Bb5 Nge7 4. O-O g6 5. h3 Bg7 6. Re1 O-O 7. c3 a6 8. Ba4
d6 9. d4 exd4 10. cxd4 d5 11. e5 Be6 12. Nc3 Qd7 13. Bg5 h6 14. Be3 Nf5 15. Bf4
g5 16. Nxg5 hxg5 17. Bxg5 b5 18. Bc2 Nfxd4 19. Bb1 Bf5 20. Bxf5 Qxf5 21. Be3
Nc2 22. Rc1 Nxe1 23. Qxe1 Nxe5 24. Qe2 Nc4 25. Bc5 Rfe8 26. Qd1 Rad8 27. Bd4
Nxb2 28. Qd2 Nd3 29. Rd1 Bxd4 0-1

[Event "DEM U10/U10w 2015"]
[Site "Willingen GER"]
[Date "2015.05.27"]
[Round "7"]
[White "Simukov, Erik"]
[Black "Bayer, Melissa"]
[Result "1-0"]
[Termination "normal"]
[Board "14"]
[WhiteElo "1515"]
[BlackElo "1104"]
[PlyCount "97"]
[WhiteFideId "12995380"]
[BlackFideId "16206916"]
[EventCountry "GER"]
[EventRounds "11"]
[EventType "swiss"]
[EventDate "2015.05.23"]

1. e4 e6 2. d4 d5 3. e5 Bd7 4. Nf3 c5 5. c3 f6 6. exf6 Nxf6 7. Bd3 Nc6 8. O-O
Qc7 9. a3 c4 10. Bc2 Bd6 11. Be3 O-O 12. Nbd2 e5 13. dxe5 Nxe5 14. Nxe5 Bxe5
15. Nf3 Bg4 16. h3 Bxf3 17. Qxf3 Rae8 18. Rae1 b6 19. Qd1 Qd6 20. f4 Bxf4 21.
Bxf4 Qc5+ 22. Kh1 Ne4 23. Bxe4 dxe4 24. Qd4 Qxd4 25. cxd4 e3 26. Be5 Rf2 27.
Rxf2 exf2 28. Rf1 Rf8 29. Bg3 g5 30. Rxf2 Rxf2 31. Bxf2 Kf7 32. Kh2 Ke6 33. Kg3
h5 34. Kf3 Kd5 35. g3 a5 36. a4 c3 37. bxc3 Kc4 38. Ke4 b5 39. axb5 Kxb5 40. d5
a4 41. d6 a3 42. d7 a2 43. d8=Q a1=Q 44. Qd5+ Ka4 45. Qa8+ Kb3 46. Qxa1 g4 47.
h4 Kc2 48. Qa2+ Kxc3 49. Be1# 1-0

[Event "DEM U10/U10w 2015"]
[Site "Willingen GER"]
[Date "2015.05.27"]
[Round "7"]
[White "Stahnecker, Hagen"]
[Black "Pachmann, Johannes"]
[Result "1-0"]
[Termination "normal"]
[Board "15"]
[WhiteElo "1257"]
[BlackElo "1308"]
[PlyCount "91"]
[WhiteFideId "16225422"]
[BlackFideId "16250451"]
[EventCountry "GER"]
[EventRounds "11"]
[EventType "swiss"]
[EventDate "2015.05.23"]

1. e4 e6 2. d4 d5 3. e5 c5 4. c3 Nc6 5. Nf3 Qb6 6. a3 c4 7. Be2 Na5 8. Nbd2 Bd7
9. a4 Be7 10. O-O Nh6 11. Re1 Nf5 12. Bf1 O-O 13. g3 Rac8 14. Bg2 h6 15. Re2
Rfd8 16. Bh3 Bf8 17. Ne1 Rc6 18. Ng2 Be7 19. Ne3 Bg5 20. f4 Nxe3 21. Rxe3 Be7
22. Rf3 Be8 23. Rf2 f6 24. exf6 Bxf6 25. Kg2 Bd7 26. Qc2 Rf8 27. f5 e5 28. dxe5
Bxe5 29. Nf3 Bc7 30. Nd4 Rcf6 31. Be3 Qd6 32. Re1 Qe7 33. Rfe2 Qf7 34. g4 Rd6
35. Bf4 Nc6 36. Bxd6 Bxd6 37. Nxc6 Bxc6 38. Re6 d4+ 39. Kf1 d3 40. Qf2 Qc7 41.
Bg2 Bd7 42. Rg6 Bxh2 43. Qd4 Rf7 44. Bd5 Qg3 45. Bxf7+ Kxf7 46. Qxg7# 1-0

[Event "DEM U10/U10w 2015"]
[Site "Willingen GER"]
[Date "2015.05.27"]
[Round "7"]
[White "Rempe, Jonas"]
[Black "Kurzweil, Nalani"]
[Result "1-0"]
[Termination "normal"]
[Board "16"]
[WhiteElo "1292"]
[BlackElo "1209"]
[PlyCount "121"]
[WhiteFideId "16202406"]
[BlackFideId "12985694"]
[EventCountry "GER"]
[EventRounds "11"]
[EventType "swiss"]
[EventDate "2015.05.23"]

1. e4 c5 2. Nf3 d6 3. d4 cxd4 4. Nxd4 Nc6 5. Nc3 Nf6 6. Bb5 Bd7 7. O-O a6 8.
Nxc6 bxc6 9. Bc4 e6 10. Bg5 Be7 11. Qd2 d5 12. exd5 cxd5 13. Bd3 h6 14. Bh4 Bb4
15. a3 Be7 16. Rfe1 O-O 17. Re3 Ng4 18. Bxe7 Qxe7 19. Rg3 f5 20. h3 Ne5 21.
Qxh6 Nxd3 22. cxd3 f4 23. Qg5 Qxg5 24. Rxg5 f3 25. g3 Rab8 26. b4 Rf6 27. Re5
Rbf8 28. a4 Rb8 29. Rb1 Rff8 30. b5 axb5 31. axb5 Rfc8 32. Rb3 Rc5 33. Re1 Kf7
34. Re3 Ke7 35. Rxf3 Bc6 36. d4 Rc4 37. Ne2 Bd7 38. b6 Rc6 39. b7 Rc7 40. Rb1
Rbxb7 41. Rxb7 Rxb7 42. Nf4 Be8 43. Re3 Rb6 44. Nxd5+ Kd6 45. Nxb6 Kc7 46. Rxe6
Bd7 47. Re7 Kxb6 48. Rxd7 Kc6 49. Rxg7 Kd5 50. f4 Ke6 51. Rg5 Kd6 52. h4 Ke6
53. h5 Kf6 54. h6 Ke6 55. h7 Kf7 56. h8=R Ke6 57. Rh6+ Kf7 58. Ra5 Kg7 59. Rb6
Kf7 60. Ra7+ Ke8 61. Rb8# 1-0

[Event "DEM U10/U10w 2015"]
[Site "Willingen GER"]
[Date "2015.05.27"]
[Round "7"]
[White "Gericke, Luis"]
[Black "Schröder, Lennart"]
[Result "0-1"]
[Termination "normal"]
[Board "17"]
[WhiteElo "1220"]
[BlackElo "1339"]
[PlyCount "70"]
[WhiteFideId "16212525"]
[BlackFideId "16222490"]
[EventCountry "GER"]
[EventRounds "11"]
[EventType "swiss"]
[EventDate "2015.05.23"]

1. e4 e6 2. d4 d5 3. exd5 exd5 4. Bd3 Bd6 5. Nf3 Ne7 6. O-O Bg4 7. Be3 Nbc6 8.
c3 Qd7 9. Nbd2 O-O-O 10. b4 Rdf8 11. a4 f5 12. Nb3 f4 13. Bd2 g5 14. b5 Nd8 15.
a5 Bxf3 16. Qxf3 g4 17. b6 gxf3 18. bxa7 Qg4 19. a8=Q+ Kd7 20. Bb5+ Ke6 21.
Rfe1+ Kf7 22. Bf1 fxg2 23. Be2 f3 24. Bxf3 Qh3 25. Rxe7+ Kxe7 26. Re1+ Ne6 27.
Bg5+ Kf7 28. Bxg2 Qxh2+ 29. Kf1 Nxg5 30. Bxd5+ Kg7 31. Qxf8+ Rxf8 32. Re2 Bg3
33. Re7+ Kh8 34. Bg2 Rxf2+ 35. Ke1 Qg1+ 0-1

[Event "DEM U10/U10w 2015"]
[Site "Willingen GER"]
[Date "2015.05.27"]
[Round "7"]
[White "Zeuner, Ole"]
[Black "Schubert, Nikita"]
[Result "1-0"]
[Termination "normal"]
[Board "18"]
[WhiteElo "1484"]
[BlackElo "1216"]
[PlyCount "57"]
[WhiteFideId "12943576"]
[BlackFideId "16212339"]
[EventCountry "GER"]
[EventRounds "11"]
[EventType "swiss"]
[EventDate "2015.05.23"]

1. e4 c5 2. Nf3 d6 3. d4 cxd4 4. Nxd4 Nf6 5. Nc3 a6 6. Bc4 b5 7. Bb3 Bb7 8. O-O
e6 9. f4 Nxe4 10. f5 e5 11. Nxe4 Bxe4 12. Nf3 Be7 13. Be3 O-O 14. Rc1 Nd7 15.
c4 bxc4 16. Bxc4 Nf6 17. Bb3 Qd7 18. Ng5 h6 19. Nxe4 Nxe4 20. Bd5 Rab8 21. Bxe4
Rxb2 22. Bd5 Rbb8 23. Rc6 Rfe8 24. Rxa6 Qb5 25. Rc6 Rec8 26. Rxc8+ Rxc8 27. Qb3
Qd7 28. Bxf7+ Kh8 29. Be6 1-0

[Event "DEM U10/U10w 2015"]
[Site "Willingen GER"]
[Date "2015.05.27"]
[Round "7"]
[White "Pietsch, Julius"]
[Black "Breß, Aaron"]
[Result "1/2-1/2"]
[Termination "normal"]
[Board "19"]
[WhiteElo "1202"]
[BlackElo "1674"]
[PlyCount "82"]
[WhiteFideId "12985660"]
[BlackFideId "12996432"]
[EventCountry "GER"]
[EventRounds "11"]
[EventType "swiss"]
[EventDate "2015.05.23"]

1. e4 c5 2. Nf3 Nc6 3. d4 cxd4 4. Nxd4 g6 5. Nc3 Bg7 6. Be3 Nf6 7. Bc4 O-O 8.
O-O d6 9. Qd2 Ng4 10. Nxc6 bxc6 11. Bd4 Ne5 12. Be2 a5 13. a4 Ba6 14. Bxa6 Rxa6
15. b3 Qc7 16. Ne2 Raa8 17. Ng3 Rfd8 18. f4 Nd7 19. Bxg7 Kxg7 20. Kh1 Rf8 21.
f5 Ne5 22. Qf4 f6 23. Qe3 Rae8 24. Rae1 e6 25. Qd2 Rf7 26. c4 Nd7 27. Rd1 exf5
28. exf5 Ne5 29. Qxd6 Qxd6 30. Rxd6 Rb8 31. fxg6 hxg6 32. Rb1 Nxc4 33. Rxc6 Nd2
34. Rb2 Rxb3 35. Rxb3 Nxb3 36. Rb6 Rd7 37. h3 Nc5 38. Rb5 Nxa4 39. Rxa5 Nc3 40.
Rc5 Nd5 41. Rc2 Ne3 1/2-1/2

[Event "DEM U10/U10w 2015"]
[Site "Willingen GER"]
[Date "2015.05.27"]
[Round "7"]
[White "Schauties, Nico Antonio"]
[Black "Huo, Da"]
[Result "0-1"]
[Termination "normal"]
[Board "20"]
[WhiteElo "1457"]
[BlackElo "1179"]
[PlyCount "98"]
[WhiteFideId "16206371"]
[BlackFideId "16221206"]
[EventCountry "GER"]
[EventRounds "11"]
[EventType "swiss"]
[EventDate "2015.05.23"]

1. d4 d5 2. c4 c6 3. Nc3 Nf6 4. Nf3 Bf5 5. Bf4 Nbd7 6. e3 e6 7. c5 Be7 8. Be2
O-O 9. O-O Nh5 10. Bg3 Nxg3 11. hxg3 Bf6 12. b4 e5 13. dxe5 Nxe5 14. Nd4 Bd7
15. Qc2 Ng6 16. Bd3 Bxd4 17. exd4 Qc7 18. Rfe1 Rfe8 19. Qd2 Re6 20. Rxe6 Bxe6
21. Re1 Qd7 22. Ne2 Bf5 23. Nc1 f6 24. Bxf5 Qxf5 25. Qd3 Qxd3 26. Nxd3 Kf7 27.
f3 Re8 28. Rxe8 Kxe8 29. Kf2 Ke7 30. Ke3 Ke6 31. Nf4+ Nxf4 32. Kxf4 h5 33. g4
g5+ 34. Ke3 h4 35. f4 a6 36. a4 Kd7 37. a5 Ke6 38. Kf3 Ke7 39. Ke3 Ke6 40. Kf3
Kf7 41. Ke3 Kg6 42. Kf3 f5 43. gxf5+ Kxf5 44. fxg5 Kxg5 45. g4 h3 46. Kg3 h2
47. Kxh2 Kxg4 48. Kg2 Kf4 49. Kf2 Ke4 0-1

[Event "DEM U10/U10w 2015"]
[Site "Willingen GER"]
[Date "2015.05.27"]
[Round "7"]
[White "Jahrke, Jonas"]
[Black "Stillbauer, Jan"]
[Result "1/2-1/2"]
[Termination "normal"]
[Board "22"]
[WhiteElo "1372"]
[BlackElo "1146"]
[PlyCount "139"]
[WhiteFideId "12984353"]
[BlackFideId "16239393"]
[EventCountry "GER"]
[EventRounds "11"]
[EventType "swiss"]
[EventDate "2015.05.23"]

1. d4 d5 2. c4 e6 3. Nc3 Nf6 4. Bg5 Nbd7 5. cxd5 exd5 6. Nf3 c6 7. g3 Qa5 8.
Bd2 Be7 9. Bg2 O-O 10. O-O Qc7 11. Rc1 a6 12. Qc2 Re8 13. Rfe1 Nb6 14. Bf4 Qd8
15. b3 Bg4 16. h3 Bxf3 17. Bxf3 Rc8 18. Bg2 c5 19. dxc5 Bxc5 20. Qb1 Qe7 21. e3
Bb4 22. Qd3 Rc6 23. Red1 Rec8 24. Ne2 Rxc1 25. Rxc1 Rxc1+ 26. Nxc1 Qc5 27. Ne2
h6 28. Be5 Nfd7 29. Bd4 Qd6 30. Bxb6 Nxb6 31. Nf4 Qc5 32. Nxd5 Nxd5 33. Qxd5
Qxd5 34. Bxd5 b6 35. Kf1 Kf8 36. Ke2 Ke7 37. g4 f6 38. f4 Kd6 39. Bc4 b5 40.
Bf7 Ke7 41. Bd5 Kd6 42. Bf3 g6 43. Kd3 f5 44. e4 fxe4+ 45. Kxe4 Ke6 46. Ke3 Kd6
47. Be4 g5 48. f5 Bc5+ 49. Kd3 Ke5 50. Bb7 a5 51. Ke2 Kd6 52. Kf3 Ke5 53. Kg3
Ba3 54. h4 Bc5 55. hxg5 hxg5 56. Ba6 b4 57. Kf3 Kd5 58. Bc4+ Ke5 59. Kg2 Bd4
60. Kf1 Kf4 61. Be2 Ke5 62. Ke1 Ke4 63. Kd2 Ke5 64. Kd3 Kd5 65. Bf3+ Kc5 66.
Ke4 Bf6 67. Be2 Kd6 68. Bc4 Bg7 69. Be6 Bf6 70. Bg8 1/2-1/2

[Event "DEM U10/U10w 2015"]
[Site "Willingen GER"]
[Date "2015.05.27"]
[Round "7"]
[White "Kruse, Kilian"]
[Black "Joppich, Til"]
[Result "1-0"]
[Termination "time forfeit"]
[Board "24"]
[WhiteElo "1346"]
[BlackElo "1108"]
[PlyCount "61"]
[WhiteFideId "16205413"]
[BlackFideId "16232917"]
[EventCountry "GER"]
[EventRounds "11"]
[EventType "swiss"]
[EventDate "2015.05.23"]

1. e4 c5 2. Nf3 Nc6 3. d4 cxd4 4. Nxd4 Nf6 5. Nc3 g6 6. Be3 Bg7 7. Bc4 O-O 8.
O-O e6 9. Nxc6 bxc6 10. Bc5 Re8 11. e5 Nd5 12. Bxd5 cxd5 13. Bd6 Bb7 14. Nb5
Ba6 15. Nc7 Bxf1 16. Qxf1 Qg5 17. Nxe8 Rxe8 18. f4 Qf5 19. c4 dxc4 20. Qxc4 f6
21. exf6 Qxf6 22. Be5 Qe7 23. Bxg7 Qxg7 24. Rb1 d5 25. Qc6 g5 26. Qxe8+ Qf8 27.
Qxe6+ Kh8 28. Qxd5 gxf4 29. Qe5+ Kg8 30. Re1 a6 31. Qe8 1-0

[Event "DEM U10/U10w 2015"]
[Site "Willingen GER"]
[Date "2015.05.27"]
[Round "7"]
[White "Laux, Dominik"]
[Black "Peglau, Mirjam"]
[Result "1-0"]
[Termination "normal"]
[Board "25"]
[WhiteElo "1273"]
[BlackElo "1055"]
[PlyCount "113"]
[WhiteFideId "12994219"]
[BlackFideId "16211138"]
[EventCountry "GER"]
[EventRounds "11"]
[EventType "swiss"]
[EventDate "2015.05.23"]

1. d4 d5 2. Nf3 Nf6 3. Bf4 e6 4. h3 Be7 5. e3 O-O 6. c3 Nbd7 7. Nbd2 b6 8. Bd3
Bb7 9. Qc2 g6 10. Ne5 Nxe5 11. dxe5 Nd7 12. Nf3 c5 13. Be2 Re8 14. h4 Kh8 15.
Bg3 Rg8 16. O-O-O Qc7 17. Qd2 Qc6 18. Rh2 b5 19. Kb1 d4 20. exd4 Qe4+ 21. Bd3
Qc6 22. Rc1 Qa6 23. Qd1 Bd5 24. a3 Rab8 25. Qc2 Bc4 26. Nd2 Bxd3 27. Qxd3 Qa4
28. Qc2 Qxc2+ 29. Rxc2 cxd4 30. cxd4 Rgc8 31. Rxc8+ Rxc8 32. Rh1 b4 33. axb4
Bxb4 34. Nb3 Kg8 35. Rc1 Rxc1+ 36. Kxc1 f6 37. f4 fxe5 38. dxe5 h6 39. Nd4 Bc5
40. Nc2 Be3+ 41. Nxe3 h5 42. Bf2 Kh7 43. Nc2 Nb6 44. Bxb6 axb6 45. Nd4 Kg7 46.
Nxe6+ Kf7 47. Ng5+ Ke7 48. Kc2 Kd7 49. Kc3 Kc6 50. Kb4 b5 51. b3 Kd5 52. Kxb5
Kd4 53. e6 Ke3 54. e7 Kxf4 55. e8=Q Kg4 56. Qxg6 Kxh4 57. Nf3# 1-0

[Event "DEM U10/U10w 2015"]
[Site "Willingen GER"]
[Date "2015.05.27"]
[Round "7"]
[White "Nguyen, Phuong Thao Vivien"]
[Black "Henzgen, Nick"]
[Result "1-0"]
[Termination "normal"]
[Board "26"]
[WhiteElo "1195"]
[BlackElo "1269"]
[PlyCount "69"]
[WhiteFideId "16210735"]
[BlackFideId "16212347"]
[EventCountry "GER"]
[EventRounds "11"]
[EventType "swiss"]
[EventDate "2015.05.23"]

1. e4 e5 2. Nf3 Nc6 3. Bc4 Be7 4. d4 exd4 5. Nxd4 Nf6 6. Nc3 h6 7. Nxc6 bxc6 8.
O-O d6 9. h3 O-O 10. Be3 Be6 11. Bb3 d5 12. exd5 cxd5 13. Bf4 c6 14. Re1 Bb4
15. a3 Ba5 16. Ba4 Rc8 17. b4 Bb6 18. Bb3 Bf5 19. Na4 Ne4 20. Nxb6 axb6 21. Qf3
Ng5 22. Bxg5 Qxg5 23. Re5 g6 24. Rae1 Ra8 25. a4 Qd8 26. Qg3 Qf6 27. Qf3 Qd6
28. Qf4 Rad8 29. Qxh6 Qxb4 30. R1e3 Qd4 31. Rxf5 Qd2 32. Kh2 d4 33. Rh5 gxh5
34. Rg3+ Qg5 35. Rxg5# 1-0